Alcohol etílico : (Record no. 1437)

MARC details
000 -CABECERA
campo de control de longitud fija 00648nam a2200181 a 4500
005 - FECHA Y HORA DE LA ÚLTIMA TRANSACCIÓN
campo de control 20240910064051.0
008 - ELEMENTOS DE LONGITUD FIJA--INFORMACIÓN GENERAL
campo de control de longitud fija 991125s1986 mx 000 0 spa u
035 ## - NÚMERO DE CONTROL DEL SISTEMA
Número de control de sistema UPN01000001437
049 ## - COLECCIÓN
Colección CG
050 #4 - SIGNATURA TOPOGRÁFICA DE LA BIBLIOTECA DEL CONGRESO
Número de clasificación RC564
Número de documento/Ítem A4.37
245 00 - MENCIÓN DE TÍTULO
Título Alcohol etílico :
Resto del título diagnóstico, acciones específicas, perspectivas.
260 ## - PUBLICACIÓN, DISTRIBUCIÓN, ETC.
Lugar de publicación, distribución, etc. [México] :
Nombre del editor, distribuidor, etc. Comité Intersectorial de Producción, Distribución y Consumo de Alcohol Etílico,
Fecha de publicación, distribución, etc. 1986.
300 ## - DESCRIPCIÓN FÍSICA
Extensión 131 p.
520 ## - NOTA DE RESUMEN, ETC.
Sumario, etc. A la cabeza de la portada: Programa Nacional contra el Alcoholismo y el Abuso de Bebidas Alcohólicas
650 #2 - ASIENTO SECUNDARIO DE MATERIA - TERMINO TEMATICO
Término de materia o nombre geográfico como elemento de entrada Alcohol
9 (RLIN) 2108
650 #4 - ASIENTO SECUNDARIO DE MATERIA - TERMINO TEMATICO
Término de materia o nombre geográfico como elemento de entrada Alcoholismo
9 (RLIN) 2121
905 ## - TIPO DE MATERIAL
Tipo de material Libro
Holdings
Estado de retiro Estado de pérdida Fuente del sistema de clasificación o colocación Estado dañado No para préstamo Código de colección Localización permanente Ubicación/localización actual Ubicación en estantería Fecha de adquisición Total de préstamos Clasificación Código de barras Fecha visto por última vez Número de copia Tipo de ítem Koha
    Library of Congress Classification   En restauración Colección General Bib. Gregorio Torres Quintero Bib. Gregorio Torres Quintero Planta baja 14/03/2024 4 RC564 A4.37 119582 31/12/2020 1 Libro